Ascorbic Acid in Paroxysmal Haemoglobinuria
Elmentve itt :
| Szerző: | |
|---|---|
| Dokumentumtípus: | Könyv része |
| Megjelent: |
1937
|
| Sorozat: | Közlemények a szegedi kir. magy. Ferencz József-Tudományegyetem belgyógyászati klinikájáról
Közlemények a szegedi kir. magy. Ferencz József-Tudományegyetem belgyógyászati klinikájáról 1936-1937 |
| Kulcsszavak: | Aszkorbinsav, Hemoglobinuria, Vér - betegségek |
| Tárgyszavak: | |
| Online Access: | http://acta.bibl.u-szeged.hu/54200 |
| LEADER | 00885naa a2200205 i 4500 | ||
|---|---|---|---|
| 001 | acta54200 | ||
| 005 | 20220107082145.0 | ||
| 008 | 180626s1937 hu o 0|| eng d | ||
| 040 | |a SZTE Egyetemi Kiadványok Repozitórium |b hun | ||
| 041 | |a eng | ||
| 100 | 1 | |a Armentánó Lajos | |
| 245 | 1 | 0 | |a Ascorbic Acid in Paroxysmal Haemoglobinuria |h [elektronikus dokumentum] / |c Armentánó Lajos |
| 260 | |c 1937 | ||
| 300 | |a 910 | ||
| 490 | 0 | |a Közlemények a szegedi kir. magy. Ferencz József-Tudományegyetem belgyógyászati klinikájáról | |
| 490 | 0 | |a Közlemények a szegedi kir. magy. Ferencz József-Tudományegyetem belgyógyászati klinikájáról 1936-1937 | |
| 650 | 4 | |a Orvos- és egészségtudomány | |
| 650 | 4 | |a Klinikai orvostan | |
| 695 | |a Aszkorbinsav, Hemoglobinuria, Vér - betegségek | ||
| 856 | 4 | 0 | |u http://acta.bibl.u-szeged.hu/54200/1/kozl_belgy_36_37_910.pdf |z Dokumentum-elérés |